Carta de San Judas
Saved in:
| 主要作者: | |
|---|---|
| 格式: | 圖書 |
| 語言: | 西班牙语 |
| 出版: |
Barcelona
Herder
1967
|
| 叢編: | El Nuevo Testamento y su Mensaje, 21
|
| 主題: | |
| 標簽: |
添加標簽
沒有標簽, 成為第一個標記此記錄!
|
MARC
| LEADER | 00000nam a2200000 a 4500 | ||
|---|---|---|---|
| 001 | UCL1707 | ||
| 003 | CL-VaPUC | ||
| 008 | 030926e19670000SP |||||||||||||||||spa|d | ||
| 082 | 0 | 4 | |a 227.97 |b STO |2 21 |
| 100 | 0 | |a Stöger, Alois |e author |9 478530 | |
| 245 | 1 | 0 | |a Carta de San Judas |
| 246 | 1 | 0 | |a Segunda carta de San Pedro |
| 300 | |a 130 p | ||
| 942 | |c BK | ||
| 945 | |d 20030926 00:00:00 |a rbrito | ||
| 260 | |a Barcelona |b Herder |c 1967 | ||
| 650 | 0 | |a Epístolas |9 321181 | |
| 650 | 0 | |a Nuevo testamento |9 257604 | |
| 583 | |a last modification |c 20030926 00:00:00 |k Rodrigo Vera | ||
| 490 | 0 | |a El Nuevo Testamento y su Mensaje, 21 | |
| 999 | |c 305148 |d 305146 | ||
| 952 | |0 0 |1 2 |4 0 |6 227_970000000000000_STO_1967 |7 0 |8 A |9 368236 |a BIBTEO |b BIBTEO |d 2019-11-21 |i 2081423 |o 227.97 STO 1967 |p 2081423 |r 2019-11-21 |w 2019-11-21 |x Descarte 2019 |y BK |k ICR | ||